[Event "EU-chT 22nd"]
[Site "Batumi"]
[Date "2019.10.27"]
[Round "4.2"]
[White "L'Ami, Erwin"]
[Black "McShane, Luke J"]
[Result "0-1"]
[WhiteElo "2619"]
[BlackElo "2682"]
[Annotator "McShane,L"]
[PlyCount "94"]
[EventDate "2019.10.24"]
[EventType "team-swiss"]
[EventRounds "9"]
[EventCountry "GEO"]
[SourceTitle "CBM 193"]
[Source "ChessBase"]
[SourceDate "2019.12.31"]
[SourceVersion "1"]
[SourceVersionDate "2019.12.31"]
[SourceQuality "1"]
[WhiteTeam "Netherlands"]
[BlackTeam "England"]
[WhiteTeamCountry "NED"]
[BlackTeamCountry "ENG"]

{This was the only decisive game in a close match against the Netherlands.
White was doing well in the early middlegame, but the game turned after I
sacrificed a pawn to create complications.} 1. d4 Nf6 2. c4 g6 3. Nc3 Bg7 4. e4
d6 5. Nf3 O-O 6. Be2 e5 7. O-O Na6 8. Be3 c6 9. d5 Ng4 10. Bg5 f6 11. Bh4 Nh6
12. Ne1 c5 13. Nd3 g5 14. Bg3 f5 15. exf5 Bxf5 {During the game, I felt it was
important to control the e4 square, but perhaps this was a bad decision, since
Erwin got a nice position in a few moves time.} (15... Nxf5 16. Ne1 Nc7 17. Nc2
Ne8 18. Ne4 h6 19. Ne3 Nf6 20. Bd3 Nxe4 21. Bxe4 Qf6 {was OK for Black ½-½ 
(36) Ragger,M (2696)-Demchenko,A (2589) Gjakova 2016}) 16. Bf3 b6 17. Be4 Bd7 {
Although White wins the battle for the e4-square (and the Be4 is a good piece),
Black can be happy that it is not occupied by a knight.} 18. f3 Nf5 19. Bf2 Nd4
20. a4 Nc7 21. Be3 $1 {A clever regrouping. The knight on d3 is not especially
well placed, and will be happier on e4.} Rf7 22. Nf2 Bf8 23. Bd3 Be7 {Playing
h7-h6 creates some additional weaknesses, which is why I reposted this bishop
to protect g5 (and d6)} 24. Nfe4 Kh8 25. Nb5 $1 {A good decision. White has
manoeuvred effectively, but now his pieces are competing for the e4 square. So
it makes sense to offer an exchange of knights, since the dream scenario is
one strong piece (e.g. a Ne4) facing one sad piece (e.g. Be7).} Ne8 26. Nxd4
cxd4 $1 {The longer I pondered this decision, the less I liked my position.
After either recapture, the passed pawn will be well blockaded. At first, I
wanted to capture with the e-pawn, to keep some stability on the queenside.
But after} (26... exd4 27. Bd2 Ng7 28. g4 $1 {my knight (and bishops) would be
very poorly placed. Black has no constructive plan, and can only await a
breakthrough with f3-f4. Capturing with the c-pawn leaves Black positionally
busted, since a4-a5 and b2-b4/ c4-c5 become unstoppable in the long run. But
Black has better chances to create counterplay on the kingside.}) 27. Bd2 Nf6
$1 {A good move, sacrificing a pawn to get the attack moving. I knew it wasn't
sound, but the attack is not easy to refute.} 28. Nxg5 Rg7 29. f4 {This is the
best way of dealing with the threat of Nf6xd5, but it does make the game
sharper.} (29. Ne4 Bf5 30. Qe2 Nxe4 31. Bxe4 Qd7 {and Black will soon double
rooks, with counterchances.}) (29. Ne6 Bxe6 30. dxe6 Qg8 31. Qe2 Qxe6 {is also
rather unclear}) 29... Qg8 30. Qe2 (30. fxe5 dxe5 31. d6 {is good for White.}
Bd8 {passive but probably best} ({I considered} 31... Rxg5 32. Bxg5 Qxg5 {
but after} 33. Qf3 $1 Re8 34. dxe7 Kg7 35. Rae1 Rxe7 {Black's compensation is
clearly insufficient.}) 32. Qf3 Rc8 33. Ne4 Bc6 {and White is doing well, but
the game continues.}) 30... Re8 31. Rae1 {A good move, calmly bringing all the
pieces to the relevant sector.} Ng4 {Now Black threatens e5xf4} 32. Kh1 $2 {
In this tense position, it's natural to want to remove the king from the
g-file, but Black can grab the initiative.} (32. Ne6 {was the move I expected.
After} Bxe6 33. dxe6 Qxe6 {there is a big mess, but Black is OK} ({but not} 
33... Bh4 $2 34. f5 Bxe1 35. Rxe1 {when White has fantastic play for the
exchange})) (32. Ne4 $1 {was the best move, but it takes a very cool head to
be confident that White can refute the attack.} Bh4 33. g3 $1 (33. Nxd6 {
is not too convincing} Bxe1 34. Rxe1 Rf8 35. Rf1 (35. fxe5 $2 Nf2 $19) 35...
exf4 36. Bxf4 Ne3 37. Bxe3 dxe3 38. Bf5 Bxf5 39. Nxf5 Rgf7 40. Nxe3 Qg5 $14)
33... Nxh2 {the most direct, but not the only move White needs to look at} (
33... Bf5 $5 34. fxe5 $1 Rxe5 35. Rxf5 Rxf5 36. gxh4 {and White wins in spite
of the discovered check}) 34. Kxh2 Bxg3+ (34... Rxg3 35. f5 $1 $18) 35. Nxg3
Rxg3 36. Rf3 $1 exf4 (36... Rg4 37. Qf2 $18) 37. Qf2 {refutes the attack. Even
here, the move} Re3 $5 {looks tempting but it doesn't work} (37... Re5 {is best
} 38. Rxe5 Rxf3 39. Qxf3 dxe5 $16) 38. Bxe3 $1 dxe3 39. Rexe3 fxe3 40. Qxg3 $18
) 32... exf4 33. Ne6 Bh4 34. Bxf4 $2 {It looks nice to sacrifice the exchange,
but this is actually a decisive mistake.} (34. Bf5 {is very unclear} Bxe1 35.
Bxe1 (35. Rxe1 Ne3 36. Nxg7 Qxg7 37. Bxd7 Qxd7 $13) 35... Ne3 36. Nxg7 Qxg7 37.
Bxd7 Qxd7 38. Rxf4 Nxg2 $1 39. Re4 Rxe4 40. Qxe4 Nxe1 41. Qxe1 Qf5 $11) 34...
Bxe1 35. Rxe1 {Stumbling into the trap.} (35. Qxe1 {was slightly less bad, but
Black should still win after} Bxe6 36. dxe6 Qxe6) 35... Bxe6 36. dxe6 Rxe6 $3 (
{Although 36. ..Rxe6 is certainly the best move, Black is comfortable anyway.} 
36... Ne3 37. Bxe3 Rxe6 38. Bxd4 Rxe2 39. Rxe2 Qf8 $11 {and Black is not in
danger}) 37. Qd2 (37. Qxe6 Nf2+ 38. Kg1 Rxg2+ 39. Kf1 Rg1+ 40. Kxf2 (40. Ke2
Qxe6+) 40... Qg2#) 37... Ne3 38. g3 (38. Bxe3 dxe3 39. Rxe3 Rxg2 $1 $19) 38...
Qa8+ 39. Kg1 Qf3 {Forcing another concession} 40. Qf2 Qxf2+ 41. Kxf2 Ng4+ 42.
Kf1 Nxh2+ 43. Kf2 Ng4+ 44. Kf1 Rxe1+ 45. Kxe1 Ne5 46. Kd2 Kg8 47. b3 Kf7 {
White has no prospect of counterplay so it's time to resign.} 0-1